000 00448cam a22001577a 4500
008 180718b2009 xxu||||| |||| 00| 0 eng d
020 _a9780199570546
082 _aC41 B697n
100 _aBoyle, Kevin
245 _aNew institutions for human rights protection
_cedited by Kevin Boyle
260 _aOxford
_bOxford Univ. Press
_c2009
300 _a217p.
650 _aInternational agencies
650 _aHuman rights
650 _aUnited Nations
999 _c440514
_d440514